Zmluva medzi Slovenskou republikou a Ruskou federáciou

Úplné znenie Zmluvy medzi Slovenskou republikou a Ruskou federáciou o zamedzení dvojakého zdanenia v odbore daní z príjmov a z majetku. Zmluva nadobudla platnosť výmenou ratifikačných listín, t.j. 1. mája 1997.

Salvato in:
Dettagli Bibliografici
Natura: Capitolo di libro
Lingua:slovacco
Soggetti:
Tags: Aggiungi Tag
Nessun Tag, puoi essere il primo ad aggiungerne!!

MARC

LEADER 00000naa a2200000 4500
001 r033338
005 20230912112700.0
041 0 |a slo 
044 |a SK 
245 1 0 |a Zmluva medzi Slovenskou republikou a Ruskou federáciou 
520 |a Úplné znenie Zmluvy medzi Slovenskou republikou a Ruskou federáciou o zamedzení dvojakého zdanenia v odbore daní z príjmov a z majetku. Zmluva nadobudla platnosť výmenou ratifikačných listín, t.j. 1. mája 1997. 
610 2 0 |a zmluvy medzinárodné 
610 2 0 |a zdanenie dvojité 
610 2 0 |a dane z príjmov 
610 2 0 |a dane majetkové 
610 2 0 |a Slovensko 
610 2 0 |a Rusko 
610 2 0 |a 1997